000 00848cam a22002411 4500
001 gs 49000099
003 DLC
005 20260227111355.0
008 851115s1948 pe ab 000 0 spa c
010 _ags 49000099
035 _a(OCoLC)12801685
040 _aU.S. Geol. Survey. Libr.
_cTxHR
_dDLC
042 _apremarc
050 0 0 _aQE247
_b.J4
100 1 _aJenks, William Furness,
_d1909-
245 1 0 _aGeología de la hoja de Arequipa, Al 200,000.
_bGeology of the Arequipa quadrangle of the Carta National [!] del Perú.
260 _aLima,
_c1948.
300 _axiii, 204 p.
_billus., maps (part fold., 1 laid in)
_c24 cm.
410 2 0 _aInstituto Geológico del Perú.
_tBoletín
_v9
650 0 _aGeology
_zPeru
_zArequipa (Department)
650 0 _aGeology
_zPeru
_vMaps.
740 0 _aArequipa quadrangle of the Carta Nacional del Perú.
999 _c28351
_d28351